| 000 | 00502nam a2200121Ia 4500 | ||
|---|---|---|---|
| 008 | 171212s9999 xx 000 0 und d | ||
| 020 | _a9780833088345 | ||
| 100 | _aLarrabee, F. Stephen;Wilson, Peter A.;Gordon, John IV | ||
| 245 |
_cLarrabee, F. Stephen;Wilson, Peter A.;Gordon, John IV _aThe Ukrainian Crisis and European Security _bImplications for the United States and U.S. Army |
||
| 260 |
_bRAND Corporation _c2015 |
||
| 650 | _aHistory | ||
| 856 | _uhttp://www.jstor.org/stable/10.7249/j.ctt15sk8s2 | ||
| 999 |
_c352732 _d352732 |
||